000 01247nas a2200193 a 4500
005 20251029085837.0
007 ta
008 241007e2023 dr |||||r||||||0| ||spa d
040 _aDO-SdBNP
_cBNPHU
_erda
110 _aInstituto de Dominicanos y Dominicanas en el Exterior
_986673
245 _aDe Quisqueya para el Mundo /
_cInstituto de Dominicanos y Dominicanas en el Exterior.
260 _aSanto Domingo, República Dominicana :
_bInstituto de Dominicanos y Dominicanas en el Exterior,
_c2023.
300 _avolumen :
_bilustraciones, fotografías ;
_c28 cm.
362 _aAño 1. No.1. (Jul-Dic 2023)
500 _aEl Instituto de Dominicanos y Dominicanas en el Exterior, a través de la Dirección de Fomento de la Identidad Nacional lanza el primer número de la revista De Quisqueya para el Mundo es una revista dedicada a los dominicanos que viven en el extranjero, proporcionando contenido informativo y cultural que conecta a la diáspora con su identidad y herencia dominicana.
500 _aDonado: Instituto de Dominicanos y Dominicanas en el Exterior.
650 0 _aIdentidad cultural dominicana
_981177
_vPublicaciones periódicas
942 _2ddc
_cISSUE
_hAño 1. No.1. (Jul-Dic 2023)
999 _c57776
_d57776